000 00488nam a22001697a 4500
003 OSt
005 20260129062836.0
008 260129b |||||||| |||| 00| 0 eng d
020 _a978-0-7537-1343-3
040 _aDWCL-Main Lib
_cOC
082 _aGR. 808.85 B765 2006
110 _aBounty Books
_eCorporate Author
245 _a501 must-read books
260 _aGreat Britain :
_bOctopus Publishing group Limited,
_cc2006
300 _a544 p. :
_bill. ;
_c23 cm.
942 _2ddc
_cGR
_mGR.
_n0
999 _c7987
_d7987